000 01513nam a2200421 c 4500
001 12872
003 ES-MaCES
005 20141221122220.0
008 011019s2001 sp a t 000 | spa d
017 _aSA 322-2001
_bDL
020 _a8495516241
035 _aCES20010016164m
040 _aES-MaCES
_bspa
_cES-MaCES
100 1 _aDomínguez Vázquez, Iñaki
_910903
245 1 3 _aLa realidad de las fundaciones en España
_b: análisis sociológico, psicosocial y económico
_cIñaki Dominguez, Javier Cerrato, Isabel García ; colaboradores, Esther Ibarlucea, Beatriz Otero
260 _aSantander
_bFundación Marcelino Botín
_c2001
300 _a320 p.
_bil. col. y n.
_c20 cm
490 0 _aCiencias Sociales
_v4
500 _aÍndices
504 _aBibliografía: p. 303-308
541 _cCompra
650 4 _afundaciones
_930815
650 4 _aorganización sin fines de lucro
_927312
650 4 _aaspecto sociológico
_929077
650 4 _apsicología social
_927255
650 4 _aanálisis económico
_927070
650 4 _aEspaña
_926964
653 1 0 _aAsuntos Sociales
700 1 _aCerrato Allende, Javier
_99430
700 1 _aGarcía García, Isabel
_912901
700 1 _aIbarlucea, Esther
_ecol.
_915113
700 1 _aOtero, Beatriz
_ecol.
_920137
710 2 _aFundación Marcelino Botín
_eed.
_93859
830 0 _aCiencias Sociales (Fundación Marcelino Botín)
_v4
_933697
902 _aLIB Libro
942 _2CES
_cBK
_h3.3.
999 _c12872
_d12872